A vingança de Hamlet (Record no. 44954)

MARC details
000 -Etiqueta do registo
Valores 00554nam a2200205 4500
100 ## - Dados gerais de processamento
Dados gerais 20151002d1989 m y0pory50030103ba
101 1# - Língua de publicação
Língua por
102 ## - País de publicação
País PT
200 1# - Titulo e menção de responsabilidade
Título próprio A vingança de Hamlet
Primeira menção de responsabilidade Michael Innes
Outras menções de responsabilidade trad. Samuel Soares
210 #9 - Publicação
Local de publicação Lisboa
Nome do editor Livros do Brasil,
Data de publicação 1989
215 ## - Descrição física 
Paginação / Volumes 304, [7] p.
Dimensões 16 cm
225 2# - Colecção 
Título próprio da colecção Vampiro
Indicação de volume 498
304 ## - Nota relativa ao título
Texto de nota Tít. orig.: Hamlet, revenge!
675 ## - CDU
Notação 821.111-312.4"19"
Edição BN
Língua por
700 #1 - Autor principal
Apelido Innes,
Nome Michael,
702 #1 - Autor secundário
Apelido Soares,
Nome Samuel
Função 730
801 #0 - Fonte de origem
País PT
Agência BN
Regras de catalogação RPC
990 ## - Elementos KOHA
Tipo de documento Livro
Holdings
Aquisição Empréstimo Código de barras Cota Permissão de empréstimo Tipo de documento
Biblioteca Municipal de Redondo Biblioteca Municipal de Redondo 055266 821.111-3 INN   Livro

Powered by Koha